Forgotten horrors : early talkie chillers from Poverty Row /

Bibliographic Details
Main Author: Turner, George E. (George Eugene), 1925-1999
Other Authors: Price, Michael H., 1947-
Format: Book
Language:English
Published: South Brunswick [N.J.] : London : A.S. Barnes ; T. Yoseloff, [1979]
Subjects:

MARC

Tag First Indicator Second Indicator Subfields
LEADER 00000pam a2200000 a 4500
001 in00000037762
005 20151007080616.0
008 781129s1979 njua e 00110 engm
010 |a  78069636  
020 |a 049802136X :  |c $19.95 
035 |a (OCoLC)04490369 
035 |9 AAF5090AM 
040 |a DLC  |c DLC  |d m.c.  |d TXA  |d UtOrBLW 
049 |a TXAM [Also in] [Sp Coll]  |c 1 [1497324]  |a TXAS  |c 2 [1700319] 
050 0 0 |a PN1995.9.H6  |b T8 
082 0 |a 791.43/7 
100 1 |a Turner, George E.  |q (George Eugene),  |d 1925-1999. 
245 1 0 |a Forgotten horrors :  |b early talkie chillers from Poverty Row /  |c George E. Turner, Michael H. Price. 
264 1 |a South Brunswick [N.J.] :  |b A.S. Barnes ;  |a London :  |b T. Yoseloff,  |c [1979] 
264 4 |c ©1979 
300 |a 216 pages :  |b illustrations ;  |c 29 cm. 
336 |a text  |b txt  |2 rdacontent 
337 |a unmediated  |b n  |2 rdamedia 
338 |a volume  |b nc  |2 rdacarrier 
500 |a Includes index. 
650 0 |a Horror films  |x Dictionaries. 
700 1 |a Price, Michael H.,  |d 1947- 
999 |a MARS 
999 f f |s 32503b94-e876-3d0b-991f-8413a821ec76  |i e5dbc28a-e19d-3668-bc9e-dad61ffbc783  |t 0 
952 f f |p noncirc  |a Texas A&M University  |b College Station  |c Cushing Memorial Library & Archives  |d Cushing: Science Fiction (Does not check out)  |t 0  |e PN1995.9.H6 T8  |h Library of Congress classification  |i unmediated -- volume  |m A14806066645 
998 f f |a PN1995.9.H6 T8  |t 0  |l Cushing: Science Fiction (Does not check out)